Memoria acerca del estado del Instituto de 2ª Enseñanza de Segovia durante el curso de 1896 a 1897 (Record no. 155961)

MARC details
000 -LEADER
campo de control de longitud fija 00851nam a22001815i 4500
001 - NÚMERO DE CONTROL
campo de control 155961
003 - IDENTIFICADOR DE NÚMERO DE CONTROL
campo de control ES-MaACL
005 - FECHA Y HORA DE LA ÚLTIMA TRANSACCIÓN
campo de control 20230906210252.0
008 - DATOS DE LONGITUD FIJA--INFORMACIÓN GENERAL
campo de control de longitud fija 990701s1898 sp d |||| | spa d
040 ## - FUENTE DE CATALOGACIÓN
Centro catalogador/agencia de origen GA
Lengua de catalogación spa
Centro/agencia transcriptor CCPB | 3D
110 2# - ENTRADA PRINCIPAL--NOMBRE DE ENTIDAD CORPORATIVA
Nombre de entidad corporativa o nombre de jurisdicción como elemento de entrada Instituto de Segunda Enseñanza de Segovia.
9 (RLIN) 134551
245 10 - MENCIÓN DEL TÍTULO
Título Memoria acerca del estado del Instituto de 2ª Enseñanza de Segovia durante el curso de 1896 a 1897
Resto del título : leída en la solemne apertura del curso académico de 1897 a 1898 /
Mención de responsabilidad, etc. por Eduardo Mateo de Iraola.
260 ## - PUBLICACIÓN, DISTRIBUCIÓN, ETC.
Lugar de publicación, distribución, etc. Segovia :
Nombre del editor, distribuidor, etc. [s.n.],
Fecha de publicación, distribución, etc. 1898 (
Fabricante Tip. de Segundo Rueda)
300 ## - DESCRIPCIÓN FÍSICA
Extensión XIV, 43 p. ;
Dimensiones 23 cm.
610 24 - PUNTO DE ACCESO ADICIONAL DE MATERIA--NOMBRE DE ENTIDAD CORPORATIVA
Nombre de entidad corporativa o nombre de jurisdicción como elemento de entrada Instituto de Segunda Enseñanza de Segovia-
Subdivisión de forma Memorias.
9 (RLIN) 157181
700 11 - ENTRADA AGREGADA--NOMBRE PERSONAL
Nombre de persona Iraola, Eduardo Mateo de.
9 (RLIN) 128194
852 ## - LOCALIZACIÓN
Ubicación ES-MaACL
Número de control de estantería T-869-F-1
Nota libre -- Enc. hol., conservando la cub. original
-- -- Enc. en un vol. facticio
Holdings
Estatus retirado Estado de pérdida Estado de daño No para préstamo Colección Biblioteca de origen Biblioteca actual Ubicación en estantería Fecha de adquisición Total de préstamos Signatura topográfica completa Código de barras Visto por última vez Precio de reemplazo Tipo de ítem Koha
        Colección de folletos Biblioteca del Ateneo de Madrid Biblioteca del Ateneo de Madrid Depósito folletos 17/01/2008   T-869-F-1 1163160 23/02/2023 23/02/2023 Folleto